| Tag |
First Indicator |
Second Indicator |
Subfields |
| LEADER |
00000cam a2200000 a 4500 |
| 001 |
in00000086392 |
| 005 |
20151008064455.0 |
| 008 |
810825s1980 flua b 00010 eng d |
| 035 |
|
|
|a (OCoLC)07699653
|
| 035 |
|
|
|9 AAK4243AM
|
| 040 |
|
|
|a FHM
|c FHM
|d TXA
|d UtOrBLW
|
| 049 |
|
|
|a TXAM
|v 1 [801067]
|v 2 [801068]
|
| 090 |
|
|
|a TN946
|b .I5 1980
|
| 111 |
2 |
|
|a International Symposium on Phosphogypsum
|d (1980 :
|c Lake Buena Vista, Florida)
|
| 245 |
1 |
0 |
|a Phosphogypsum :
|b proceedings of the International Symposium on Phosphogypsum, Lake Buena Vista, Florida, 5-7 November 1980 /
|c Editors: David P. Borris and Patricia W. Boody.
|
| 264 |
|
1 |
|a [Place of publication not identified] :
|b Florida Institute of Phosphate Research,
|c 1980.
|
| 300 |
|
|
|a 2 volumes :
|b illustrations ;
|c 28 cm.
|
| 336 |
|
|
|a text
|b txt
|2 rdacontent
|
| 337 |
|
|
|a unmediated
|b n
|2 rdamedia
|
| 338 |
|
|
|a volume
|b nc
|2 rdacarrier
|
| 500 |
|
|
|a Cover title.
|
| 500 |
|
|
|a On cover: Utilization and/or disposal of phosphogypsum. Potential barriers to utilization.
|
| 504 |
|
|
|a Includes bibliographies.
|
| 650 |
|
0 |
|a Phosphogypsum.
|
| 650 |
|
0 |
|a Phosphoric acid.
|
| 650 |
|
0 |
|a Calcium sulfate.
|
| 700 |
1 |
|
|a Borris, David P.
|
| 700 |
1 |
|
|a Boody, Patricia W.
|
| 710 |
2 |
|
|a Florida Institute of Phosphate Research.
|
| 740 |
0 |
|
|a Utilization and/or disposal of phosphogypsum.
|
| 999 |
|
|
|a MARS
|
| 999 |
f |
f |
|s 903cf8a9-a1ef-3e8e-ae45-1a5314ce7d28
|i bcf821cf-d5e2-3223-a75c-135a576efea3
|t 0
|
| 952 |
f |
f |
|p ric
|a Texas A&M University
|b Rellis Campus
|c Joint Library Facility
|d Remote Storage
|t 0
|e TN946 .I5 1980
|h Library of Congress classification
|i unmediated -- volume
|k v.1
|m A14806255870
|
| 952 |
f |
f |
|p ric
|a Texas A&M University
|b Rellis Campus
|c Joint Library Facility
|d Remote Storage
|t 0
|e TN946 .I5 1980
|h Library of Congress classification
|i unmediated -- volume
|k v.2
|m A14806255888
|
| 998 |
f |
f |
|a TN946 .I5 1980
|s v.2
|t 0
|l Remote Storage
|
| 998 |
f |
f |
|a TN946 .I5 1980
|s v.1
|t 0
|l Remote Storage
|